| 000 | 00813nam a22002417a 4500 | ||
|---|---|---|---|
| 999 |
_c20093 _d20093 |
||
| 005 | 20180803170443.0 | ||
| 008 | 180302b xxu||||| |||| 00| 0 spa d | ||
| 020 | _a9789585995604 | ||
| 040 |
_aCO-BoIAVH _cCO-BoIAVH |
||
| 041 | _aspa | ||
| 044 | _ack | ||
| 082 |
_a578.7538 _bO42s |
||
| 100 | 1 | _aOlaya Corzo, Cesar Mauricio | |
| 245 | 1 |
_aSanturbán: _bun tesoro entre el agua y el cielo |
|
| 260 |
_aBogotá _bSociedad Minera de Santander S.A.S, Minesa _c2017. |
||
| 300 |
_a300 páginas _bfotografías a color _c30 x 22cm |
||
| 650 | 1 | 4 |
_aPáramo Santurbán _xDiversidad de especies |
| 650 | 1 | 4 |
_aRecurso hidrico _xConservación |
| 650 | 1 | 4 |
_aMinerales _xExtracción |
| 650 | 1 | 4 | _aComunidades |
| 650 | 1 | 4 |
_aRecursos naturales _vDiversidad |
| 942 |
_2ddc _cLIBRO |
||